| 000 | 01013nam a2200289 i 4500 | ||
|---|---|---|---|
| 001 | bg | ||
| 003 | BPK | ||
| 005 | 20210319105717.0 | ||
| 008 | 970510s1994 pl a |000 0 pol | ||
| 015 | _aPB 1994/9926 | ||
| 020 | _a832080969X | ||
| 040 |
_aWA N _cBPK |
||
| 080 | _a311 | ||
| 080 | _a519.2 | ||
| 100 | 1 |
_aLuszniewicz, Andrzej _d(1930- ) _eAutor |
|
| 245 | 1 | 0 |
_aMetody wnioskowania statystycznego / _cAndrzej Luszniewicz. |
| 250 | _aWyd. 3 popr. i uzup. | ||
| 260 |
_aWarszawa : _bPańst. Wydaw. Ekonomiczne, _c1994. |
||
| 300 |
_a172, [4] s. : _bwykr. ; _c21 cm. |
||
| 490 | 1 |
_aStatystyka nie jest trudna ; _v2. |
|
| 500 | _aT. 1 pod hasłem : Kassyk-Rokicka Helena i tyt. : Mierniki statystyczne. | ||
| 650 | 4 |
_aStatystyka _xmetody. |
|
| 710 | 2 |
_aPaństwowe Wydawnictwo Ekonomiczne _4pbl. |
|
| 830 | 0 |
_aStatystyka nie jest trudna ; _v2. |
|
| 856 |
_uhttp://koha.tu.koszalin.pl/cgi-bin/koha/opac-detail.pl?biblionumber=6631 _yKatalog online BPK |
||
| 942 |
_2UKD _cKS |
||
| 999 |
_c6631 _d6631 |
||